Slovenský jazyk pre 4. ročník všeobecnovzdelávacích škôl /

Hlavní autor: Bernáth, Pavol, 1909-1979
Jazyk: Slovenština
Vydáno: Bratislava : Slovenské pedagogické nakladateľstvo, 1954
Vydání: 1. vyd.
Fyzický popis: 233 s. ; 8°
Knihy
Uloženo v:
LEADER 00805nam a22002172a 4500
001 001456995
003 CZ BrMZK
005 20150319125819.0
007 ta
008 150120s1954 xo er|||||||||||slo d
040 |a ABA001  |b cze  |c ABA001  |d ABA001  |d BOA001 
100 1 |a Bernáth, Pavol,  |d 1909-1979  |7 jx20031130043  |4 aut 
245 1 0 |a Slovenský jazyk pre 4. ročník všeobecnovzdelávacích škôl /  |c Pavol Bernáth 
250 |a 1. vyd. 
260 |a Bratislava :  |b Slovenské pedagogické nakladateľstvo,  |c 1954 
300 |a 233 s. ;  |c 8° 
910 |a BOA001  |b 2-0325.707 
990 |a BK 
991 |b 201502 
996 7 |b 2618803777  |c 2-0325.707  |l MZK  |r Sklad / do 24 hodin  |n 0  |w 001492092  |u 000020  |a 1  |e BOA001  |j MZK50  |s A 
996 7 |b 2618803778  |c 2-0325.707  |l MZK  |r Sklad / do 24 hodin  |n 0  |w 001492092  |u 000010  |a 1  |e BOA001  |j MZK50  |s A